| 000 | 01258cab a22002295a 4500 | ||
|---|---|---|---|
| 001 | L152599 | ||
| 008 | 110331e20110218xxk 000 0 eng d | ||
| 035 | _a(Sirsi) u152599 | ||
| 041 | 0 | _aeng | |
| 100 | 1 | _aEade, Christine | |
| 245 | 0 | 0 |
_aMarkets _bBristol, Bath and Swindon |
| 260 | _c2011 | ||
| 490 | 0 |
_aProperty Week _v77(7) 18 February 2011, 41-56(4) |
|
| 520 | _aLaw firm CMS Cameron McKenna has taken a 15-year lease in Crest Nicholson's Harbourside scheme - Bristol's biggest prelet in three years confirming Bristol prime office rents are still at £27.50/sq ft a figure first achieved in the 2007 boom. Bristol Office Agents Society stated that Bristol city centre office take-up in 2010 was 40% up on 2009. Bath Rugby plans a £50m revamp and expansion of its city ground. B & Q will take possession of its 796 649 sq ft distribution centre at G Park Swindon two months early. Bristol City Council has identified only 12.25 acres of local land suitable for industrial development. | ||
| 590 | _aKA | ||
| 651 | 4 | _aBristol | |
| 651 | 4 | _aBath | |
| 651 | 4 | _aSwindon | |
| 690 | _aPROPERTY-COMMERCIAL PROPERTY-COMMERCIAL PROPERTY MARKET | ||
| 690 | _aPROPERTY-COMMERCIAL PROPERTY-COMMERCIAL PROPERTY FINANCE AND INVESTMENT | ||
| 942 | _n0 | ||
| 999 |
_c83018 _d83018 |
||